000 00599nam a2200229Ia 4500
003 OSt
005 20220928104357.0
006 a|||||r|||| 00| 0
007 ta
008 220927b |||||||| |||| 00| 0 eng d
024 _a48750
037 _cTextual
040 _aSDCL
_cSDCL
_beng
041 _2eng
_aeng
082 _aX722:(Z).2'N7, M7
100 _aSharma S P
_9410172
245 0 _aCase law on House tax.
260 _aDelhi
_bPratibha Publications
_c1987
300 _a280p
_ccm.
942 _hX722:(Z).2'N7, M7
_cTEXL
_2CC
999 _c725774
_d725774